Pipes, mains, cables and sewers (Record no. 88271)

MARC details
000 -LEADER
fixed length control field 00463cam a2200193 4500
001 - CONTROL NUMBER
control field D9850
008 - FIXED-LENGTH DATA ELEMENTS--GENERAL INFORMATION
fixed length control field 090401t1967 xxu||||| |||| 00| 0 eng d
035 ## - SYSTEM CONTROL NUMBER
System control number (Sirsi) u22894
041 ## - LANGUAGE CODE
Language code of text/sound track or separate title eng
050 ## - LIBRARY OF CONGRESS CALL NUMBER
Classification number 346.410435
100 ## - MAIN ENTRY--PERSONAL NAME
Personal name Wilkinson, H. W.
245 ## - TITLE STATEMENT
Title Pipes, mains, cables and sewers
260 ## - PUBLICATION, DISTRIBUTION, ETC.
Place of publication, distribution, etc. London
Name of publisher, distributor, etc. Oyez Publications
Date of publication, distribution, etc. 1967
300 ## - PHYSICAL DESCRIPTION
Extent 123p. 22cm
350 ## - PRICE (NR) (BK AM CF MU VM SE) [OBSOLETE]
Price 0
490 ## - SERIES STATEMENT
Series statement Oyez Practice Notes
Volume/sequential designation 57
942 ## - ADDED ENTRY ELEMENTS (KOHA)
Suppress in OPAC 0
948 ## - LOCAL PROCESSING INFORMATION (OCLC); SERIES PART DESIGNATOR (RLIN)
c (OCLC) 04/03/1997
Holdings
Withdrawn status Lost status Source of classification or shelving scheme Damaged status Not for loan Home library Current library Shelving location Date acquired Total Checkouts Full call number Barcode Date last seen Copy number Price effective from Koha item type
    Other/Generic Classification Scheme     London London Basement 14/09/1999   RESERVE SHELVES 30008658 06/08/2019 1 06/08/2019 Book